• 首页
  • 本馆介绍
  • 公告通知
  • 最新文献
  • 馆藏检索
  • 电子资源
  • 读者导购
  • 参考咨询
  • 我的图书馆
  • 登录
  • 详细信息显示
  • 放入我的书架
  • 预约/预借图书
  • 作者相关作品
  • 分类相关作品
  • 丛书相关作品
  • 出版社相关作品

书目信息

  • 表格格式
  • 工作单格式
  • 卡片格式
题名:
辩证唯物主义历史唯物主义问答
    
 
作者: 曹祖思 主编
分册:  
出版信息: 开封   开封地区师范学校  1979.12
页数: 164页
开本: 19cm
丛书名:
单 册:
中图分类: B0
科图分类:
主题词: 哲学理论
电子资源:
ISBN:
000 00527nam0 2200181 45
001 0181024013
005 20060429144005.71
010    @dCNY0.80
100    @a20810111d km y0chiy0120 ea
101 0  @achi
200 1  @a辩证唯物主义历史唯物主义问答@ABIAN ZHENG WEI WU ZHU YI LI SHI WEI WU ZHU YI WEN DA@f曹祖思主编@Fcao zu si zhu bian
210    @a开封@c开封地区师范学校@d1979.12
215    @a164页@d19cm
606 0  @a哲学理论
690    @aB0
701 0  @a曹祖思@Acao zu si@4主编
801    @aCN@bTSTC@c20060429
905    @dB0@e15:2
    
    辩证唯物主义历史唯物主义问答/曹祖思主编.-开封:开封地区师范学校,1979.12
    164页;19cm
    
    
    ISBN :CNY0.80
    
●
相关链接 在E读中查询图书 在五车中查询图书 在当当中查询图书 在豆瓣中查询图书


正题名:辩证唯物主义历史唯物主义问答     索取号:B0/15:2         预约/预借

序号 登录号 条形码 馆藏地/架位号 状态 备注
1 0026888   202304504   密集书库/ [索取号:B0/15:2] 在馆    
2 0026890   202172763   密集书库/ [索取号:B0/15:2] 在馆    
3 0026893   202304461   密集书库/ [索取号:B0/15:2] 在馆    
4 0026894   202266136   密集书库/ [索取号:B0/15:2] 在馆    
5 0026895   202172727   密集书库/ [索取号:B0/15:2] 在馆    
6 0026897   202304470   密集书库/ [索取号:B0/15:2] 在馆    
唐山师范学院图书馆 欢迎您!
大连网信软件有限公司© 版权所有